00325 a2200133 4500003000400000005001700004008004100021040000900062082001500071100003000086245004300116260002400159300000800183OSt20240112154409.0240112b |||||||| |||| 00| 0 eng d coclc a297bMOU/T aMoulavi, M Shaih Mohamed  aTharaweeh /cM Shaikh Muhammed Moulavi aKerala:bKNM,c2015 a45p